Normal view
MARC view
- Derecho natural
Entry Materia
001 - NÚMERO DE CONTROL DEL REGISTRO
- campo de control: 13301
003 - IDENTIFICADOR DE NUMERO DE CONTROL
- campo de control: UPN
005 - FECHA Y HORA DE LA ÚLTIMA TRANSACCIÓN
- campo de control: 20240918162223.0
008 - DATOS DE LONGITUD FIJA
- campo de control de longitud fija: 230224n||acnnnbabn a ana |d
035 ## - NÚMERO DE CONTROL DEL SISTEMA
- Número de control del sistema: UPN10000013309
040 ## - FUENTE DE LA CATALOGACIÓN
- Centro catalogador de origen: UPN
- Lengua de catalogación: spa
- Agencia de transcripción: UPN
046 ## - FECHAS CON CODIFICACIÓN ESPECIAL
- Fecha final para contenidos agregados: 2023
053 #4 - NÚMERO CLASIFICADOR - BIBLIOTECA DEL CONGRESO (LC)
- Elemento numérico de la clasificación - Número único o no. inicial del rango: K400
- Elemento numérico de la clasificación - Número único o no. final del rango: K474
150 ## - ENCABEZAMIENTO - TEMÁTICO
- Término de materia o nombre geográfico como elemento inicial: Derecho natural
450 ## - VÉASE - MATERIA
- Encabezamiento temático: Ley natural
670 ## - FUENTE EN LA QUE SE LOCALIZARON DATOS
- Cita de la fuente: LEMB, 1998:
- Información localizada: página 317 (Derecho natural)
902 ## - CATALOGADOR
- Catalogador: LG/060397
